000 00381 a2200169 4500
001 74453
020 _a851603561-1
040 _cAnchieta - Colégio São Paulo
100 _aCancho, Cândida Vilhena de
240 1 0 _aSua magestade, o café
_lpor
245 1 0 _aSua magestade, o café
300 _a79
362 0 _a1992
440 1 _aModerna
650 4 _aBrasil
942 _cBK
999 _c74453
_d74453